000 00294nam a22001457a 4500
020 _a81-8264-206-X
082 _a894.812.3
_bLIS/M
100 _aLISI
245 _aMUMBAI
260 _aKOZHIKODE
_bMATHRUBHUMI BOOKS
_c2006
300 _a125
520 _aNOVEL
650 _aNOVEL
942 _cBK
999 _c4878
_d4878